00853nam 22002771 4500001000800000005001700008008004100025035002100066906004500087010001700132035001900149040002500168050001600193082001100209100003300220245007100253260004100324300002500365500002100390504003200411650001600443650002100459985002100480991004400501099003000545740529319980421192543.0750917s1946 xx 001 0 eng  9(DLC) 46000519 a7bcbccoclcrplduencipf19gy-gencatlg a 46000519  a(OCoLC)1631854 aDLCcMeLBdMeLBdDLC00aBH201b.N27 a701.171 aNahm, Milton Charles,d1903-10aAesthetic experience and its presuppositionsc[by] Milton C. Nahm. aNew York and London,bHarperc[1946] axiii, 554 p.c22 cm. a"First edition." aBibliography: p. [517]-540. 0aAesthetics. 0aArtxPhilosophy. eOCLC REPLACEMENT bc-GenCollhBH201i.N27tCopy 1wOCLCREP anahm-aesthetic-1072298252